Ghunghat / (Record no. 44165)

MARC details
000 -LEADER
fixed length control field 01013nji a22002657a 4500
005 - DATE AND TIME OF LATEST TRANSACTION
control field 20100907113530.0
006 - FIXED-LENGTH DATA ELEMENTS--ADDITIONAL MATERIAL CHARACTERISTICS--GENERAL INFORMATION
fixed length control field a|||||r|||||00| 0
007 - PHYSICAL DESCRIPTION FIXED FIELD--GENERAL INFORMATION
fixed length control field sd ammalaaahaa
008 - FIXED-LENGTH DATA ELEMENTS--GENERAL INFORMATION
fixed length control field 100830t xxu||||| |||| 00| 0 eng d
028 ## - PUBLISHER NUMBER
Publisher number GE.33511
Source Columbia
035 ## - SYSTEM CONTROL NUMBER
System control number GR-01064
040 ## - CATALOGING SOURCE
Original cataloging agency SED
Transcribing agency SED
100 ## - MAIN ENTRY--PERSONAL NAME
9 (RLIN) 17455
Personal name Lata
245 ## - TITLE STATEMENT
Title Ghunghat /
Statement of responsibility, etc sung by Lata; lyric by Shakeel Badayuni; music by Ravi
Medium [sound recording] :
246 ## - VARYING FORM OF TITLE
Title proper/short title घूँघट /
260 ## - PUBLICATION, DISTRIBUTION, ETC. (IMPRINT)
Place of publication, distribution, etc Dum Dum, India
Name of publisher, distributor, etc Columbia
300 ## - PHYSICAL DESCRIPTION
Extent 1 sound disc [Gramophone Recording]:
Other physical details analog, 33 1/3 rpm
Dimensions 9.5 in. (MP)
Type of unit Gramophone Record
500 ## - GENERAL NOTE
General note Brief Record
505 ## - FORMATTED CONTENTS NOTE
Formatted contents note Side-1 छम छम बाजे (Cham cham baje) (Lata) Side-2 हायरे इन्सानकी (Hayere insanki) (Rafi)
650 ## - SUBJECT ADDED ENTRY--TOPICAL TERM
Topical term or geographic name as entry element Motion Picture Music
Geographic subdivision India
9 (RLIN) 1186
General subdivision Excerpts
700 ## - ADDED ENTRY--PERSONAL NAME
Personal name Shakeel Badayuni
9 (RLIN) 18685
700 ## - ADDED ENTRY--PERSONAL NAME
Personal name Ravi
9 (RLIN) 18686
942 ## - ADDED ENTRY ELEMENTS (KOHA)
Source of classification or shelving scheme Dewey Decimal Classification
Item type Gramaphone Records
Holdings
Withdrawn status Lost status Source of classification or shelving scheme Damaged status Not for loan Collection code Home library Current library Date acquired Source of acquisition Total Checkouts Barcode Date last seen Copy number Price effective from Koha item type
    Dewey Decimal Classification     Non-fiction Central Library Central Library 07/09/2010 SED/VEN   GR-01064 07/09/2010 1 07/09/2010 Gramaphone Records

© Delhi Public Library
Hit Counter
free hit counter